Operating Systems (Record no. 82)

MARC details
000 -LEADER
fixed length control field 00371nam a2200169Ia 4500
008 - FIXED-LENGTH DATA ELEMENTS--GENERAL INFORMATION
fixed length control field 221030s9999 xx 000 0 und d
020 ## - INTERNATIONAL STANDARD BOOK NUMBER
ISBN 8178083841
041 ## - LANGUAGE CODE
Language code of text/sound track or separate title
082 ## - DEWEY DECIMAL CLASSIFICATION NUMBER
Classification number 105.23
Item number Nut
100 ## - MAIN ENTRY--AUTHOR NAME
Personal name G. Nutt
245 #0 - TITLE STATEMENT
Title Operating Systems
250 ## - EDITION STATEMENT
Edition statement 2nd
260 ## - PUBLICATION, DISTRIBUTION, ETC. (IMPRINT)
Name of publisher Pearson Education
Place of publication Delhi
Year of publication 2002
300 ## - PHYSICAL DESCRIPTION
Number of Pages 611
650 ## - SUBJECT ADDED ENTRY--TOPICAL TERM
Topical Term COMPUTERS
942 ## - ADDED ENTRY ELEMENTS (KOHA)
Koha item type Books
Holdings
Accession Number Cost, normal purchase price Full call number Price effective from Koha item type Withdrawn / writtenoff status Materials specified (bound volume or other part) Damaged status Not for loan Permanent Location Current Location Shelving location Date acquired Lost/ Missing status department
M 83 295.00 105.23 Nut 10/30/2022 Books   Print     MIET Library, Jammu MIET Library, Jammu BL-Academic Block- B, FL-2, CUP-97, SH-2, R-2 05/01/2004   MCA
M 84 295.00 105.23 Nut 10/30/2022 Books   Print     MIET Library, Jammu MIET Library, Jammu BL-Academic Block- B, FL-2, CUP-81, SH-5, R-5 05/01/2004   MCA